000 00996nam a2200241 a 4500
001 84371
003 BD-RjUL
005 20241126105158.0
008 241126s2023 bg a|||| m||| 00| 0 eng d
035 _a(BD-RjUL)84371
040 _aBD-RjUL
_beng
_cBD-RjUL
_dBD-RjUL
041 _aeng
082 _a579.26
_223
_bSAC 2023
100 _aSaha, Monika Rani
_914435
245 1 0 _aCurrent Profile of Antibiotic Resistance in Uropathogenic Bacteria and Preventive Strategy of Catheter Associated Urinary Trat Infection /
_cBy Monika Rani Saha ;
_6Supervisor : Md. Aktar Uzzaman Chouduri
260 _aRajshahi :
_bInstitute of Biological Sciences, University of Rajshahi,
_c2023
300 _avii, 91 Leaves :
_bill, ;
_c29 cm.
502 _aThesis (Ph. D.) -- Institute of Biological Sciences, University of Rajshahi, 2023
504 _aReference : Leaves 78-91
650 _aAntibiotic Resistance
_vBacteria
_914436
700 _aChouduri, Md. Aktar Uzzaman, Supervisor
_914437
942 _2ddc
_cTHE
999 _c84371
_d84371